Nationalism, ethnicity and boundaries : (Record no. 592732)

000 -LEADER
fixed length control field 02734cam a22004094i 4500
001 - CONTROL NUMBER
control field 18252443
005 - DATE AND TIME OF LATEST TRANSACTION
control field 20221220095513.0
008 - FIXED-LENGTH DATA ELEMENTS--GENERAL INFORMATION
fixed length control field 140804s2015 enka b 001 0 eng
010 ## - LIBRARY OF CONGRESS CONTROL NUMBER
LC control number 2014017206
020 ## - INTERNATIONAL STANDARD BOOK NUMBER
International Standard Book Number 9780415857437 (hardback)
020 ## - INTERNATIONAL STANDARD BOOK NUMBER
Canceled/invalid ISBN 9781315746999 (ebook)
040 ## - CATALOGING SOURCE
Original cataloging agency DLC
Language of cataloging eng
Transcribing agency DLC
Description conventions rda
Modifying agency DLC
042 ## - AUTHENTICATION CODE
Authentication code pcc
050 00 - LIBRARY OF CONGRESS CALL NUMBER
Classification number JC323
Item number .N37 2015
082 00 - DEWEY DECIMAL CLASSIFICATION NUMBER
Classification number 320.54,NAT
Edition number 23
084 ## - OTHER CLASSIFICATION NUMBER
Classification number POL000000
Number source bisacsh
245 00 - TITLE STATEMENT
Title Nationalism, ethnicity and boundaries :
Remainder of title conceptualising and understanding identity through boundary approaches /
Statement of responsibility, etc. edited by Jennifer Jackson and Lina Molokotos-Liederman.
264 #1 - PRODUCTION, PUBLICATION, DISTRIBUTION, MANUFACTURE, AND COPYRIGHT NOTICE
Place of production, publication, distribution, manufacture Abingdon, OX ;
-- New York, NY :
Name of producer, publisher, distributor, manufacturer Routledge,
Date of production, publication, distribution, manufacture, or copyright notice 2015.
300 ## - PHYSICAL DESCRIPTION
Extent xii, 252 pages :
Other physical details illustrations ;
Dimensions 24 cm.
336 ## - CONTENT TYPE
Content type term text
Content type code txt
Source rdacontent
337 ## - MEDIA TYPE
Media type term unmediated
Media type code n
Source rdamedia
338 ## - CARRIER TYPE
Carrier type term volume
Carrier type code nc
Source rdacarrier
490 0# - SERIES STATEMENT
Series statement Routledge studies in nationalism and ethnicity
505 0# - FORMATTED CONTENTS NOTE
Formatted contents note Introduction (Page-1), Boundaries and Borders / Richard Jenkins (Page-11), Aspects of Boundary Research from the Perspective of Longue Durée / Jean Terrier (Page-28), Modernity, Globalization and Nationalism : the Age of Frenzied Boundary-Building / Daniele Conversi (Page-57), Ethnic Boundaries : a Critical Rationalist Perspective / Michael Banton (Page-83), Boundaries and Belonging : Dominant Ethnicity and the Place of the Nation in a Globalizing World / Michael Skey (Page-103), A the Bairns o Adam? : The Ethnic Boundaries of Scottish National Identity / Michael Rosie (Page-124), Ethnicity and Boundaries in Jewish Nationalism / Yitzhak Conforti (Page-142), Nationalizing States Revisited : Projects and Processes of Nationalization in Post-Soviet States / Rogers Brubaker (Page-165), Negotiating National Identity in Northern Ireland and Quebec : Youth Perspectives / Jennifer Jackson (Page-192), The Migration of Frontiers : Ethno-national Conflicts and Contested Cities / Wendy Pullan (Page-220).
650 #0 - SUBJECT ADDED ENTRY--TOPICAL TERM
Topical term or geographic name entry element Boundaries
General subdivision Social aspects.
9 (RLIN) 105260
650 #0 - SUBJECT ADDED ENTRY--TOPICAL TERM
Topical term or geographic name entry element Nationalism
General subdivision Social aspects.
9 (RLIN) 105261
650 #0 - SUBJECT ADDED ENTRY--TOPICAL TERM
Topical term or geographic name entry element Ethnicity
General subdivision Social aspects.
9 (RLIN) 105262
650 #0 - SUBJECT ADDED ENTRY--TOPICAL TERM
Topical term or geographic name entry element Boundaries
General subdivision Social aspects
Form subdivision Case studies.
9 (RLIN) 105263
650 #0 - SUBJECT ADDED ENTRY--TOPICAL TERM
Topical term or geographic name entry element Nationalism
General subdivision Social aspects
Form subdivision Case studies.
9 (RLIN) 105264
650 #0 - SUBJECT ADDED ENTRY--TOPICAL TERM
Topical term or geographic name entry element Ethnicity
General subdivision Social aspects
Form subdivision Case studies.
9 (RLIN) 105265
650 #7 - SUBJECT ADDED ENTRY--TOPICAL TERM
Topical term or geographic name entry element POLITICAL SCIENCE / General.
Source of heading or term bisacsh
9 (RLIN) 105266
700 1# - ADDED ENTRY--PERSONAL NAME
Personal name Jackson, Jennifer
Fuller form of name (Jennifer L.)
Relator term editor of compilation.
9 (RLIN) 105267
700 1# - ADDED ENTRY--PERSONAL NAME
Personal name Molokotos-Liederman, Lina,
Relator term editor of compilation.
9 (RLIN) 105268
906 ## - LOCAL DATA ELEMENT F, LDF (RLIN)
a 7
b cbc
c orignew
d 1
e ecip
f 20
g y-gencatlg
942 ## - ADDED ENTRY ELEMENTS (KOHA)
Source of classification or shelving scheme
Koha item type Book
Call number prefix 320.54,NAT
Holdings
Withdrawn status Lost status Source of classification or shelving scheme Damaged status Not for loan Permanent Location Current Location Shelving location Date acquired Total Checkouts Full call number Barcode Date last seen Price effective from Koha item type Public note
          Military College of Signals (MCS) Military College of Signals (MCS) General Stacks 12/20/2022   320.54,NAT MCS37653 12/20/2022 12/20/2022 Book Almirah No.49, Shelf No.4
© 2023 Central Library, National University of Sciences and Technology. All Rights Reserved.